000 00662nam a22002297a 4500
003 UA-OsUOA
001 80387
007 ta
008 20111207b un ||||| |||| 00| 0 ukr d
100 _aСмолич Ю.
090 _a821.161.1
_bС51
942 _cBK
040 _aUA-OsUOA
_bukr
_cUA-OsUOA
_dUA-OsUOA
245 _aДитинство; Наші тайни; Вісімнадцятилітні
_bповісті, романи
300 _a752 с.
955 _a3
041 _aukr
080 _a821.161.1
260 _aК.
_bНаук. думка
_c1987
650 7 _a82 Література. Літературознавство
_2UDC
999 _c366690
_d366690